Normal view
MARC view
- Motion picture play
Entry Topical Term
001 - CONTROL NUMBER
- control field: 39843
003 - CONTROL NUMBER IDENTIFIER
- control field: OSt
005 - DATE AND TIME OF LATEST TRANSACTION
- control field: 20190920083435.0
008 - FIXED-LENGTH DATA ELEMENTS
- fixed length control field: 190920|| aca||aabn | a|a d
040 ## - CATALOGING SOURCE
- Original cataloging agency: OSt
- Transcribing agency: OSt
150 ## - HEADING--TOPICAL TERM
- Topical term or geographic name entry element: Motion picture play
670 ## - SOURCE DATA FOUND
- Source citation: Work cat.: (OSt)14201: 39359 Dockterman, Eliana., Game of thrones' Sophie Turner is no victim in apocalypse/, c2016.
